00236nam a2200085Ia 4500008004100000020001800041245003800059260003600097300001700133180323s9999 xx 000 0 und d a9789712393570 aMathematics in the modern world / aSampaloc City:b2018cREX books av, 329 pages